Longest Non-Stop Flights - Statistics

General Stats
  • This quiz has been taken 1,065 times
  • The average score is 46 of 58
Answer Stats
Distance (km) Airline From % Correct
15349 Singapore Airlines New York
98%
14207 Qantas/Air New Zealand New York
98%
13712 Philippine Airlines New York
98%
12990 Cathay Pacific New York
98%
Singapore
96%
Singapore
96%
Singapore
96%
Singapore
96%
Sydney
96%
Sydney
96%
13420 Emirates Dubai
94%
13144 Emirates Dubai
94%
13041 Emirates Dubai
94%
Dubai
94%
London
94%
14114 Singapore Airlines Los Angeles
93%
Los Angeles
93%
Los Angeles
93%
Los Angeles
93%
13367 Qatar Airways Doha
86%
13014 Qatar Airways Doha
86%
12952 Qatar Airways Doha
86%
Doha
86%
Paris
86%
Melbourne
85%
14449 Qantas Perth
85%
14264 Qantas Perth
85%
13354 Qantas Perth
85%
Manila
83%
Manila
83%
Mumbai
83%
14535 Qatar Airways Auckland
81%
14200 Emirates Auckland
81%
Auckland
81%
Hong Kong
77%
14004 Air India San Francisco
74%
13593 United Airlines/Singapore Airlines San Francisco
74%
13529 Air India San Francisco
74%
San Francisco
74%
San Francisco
74%
Atlanta
73%
Atlanta
73%
14472 Qantas Dallas-Fort Worth
71%
13804 Qantas Dallas-Fort Worth
71%
13363 American Airlines Dallas-Fort Worth
71%
13834 United Airlines Houston
63%
Houston
63%
Houston
63%
13230 Philippine Airlines Toronto
63%
Brisbane
57%
13409 Saudia Jeddah
57%
Rome
57%
13581 Delta Air Lines Johannesburg
56%
12988 Singapore Airlines Seattle
56%
Mexico City
51%
13084 Delta Air Lines Cape Town
49%
Bengaluru
41%
14147 China Southern Shenzhen
40%
No matching quizzes found
Score Distribution
Percent of People with Each Score
Percentile by Number Answered
Your Score History
You have not taken this quiz